Absolventi vysokých škôl v podnikaní

Kladné a záporné skúsenosti absolventov vysokých škôl, ktorí pôsobia v podnikateľskom prostredí. Úroveň absolventov stredných a vysokých škôl, ich vzdelanostná štruktúra a profesionálna orientácia. Potreba riešenia súčasných problémov v slovenskom školstve. Absencia etických hodnôt, noriem v spoločn...

Descripción completa

Guardado en:
Detalles Bibliográficos
Autor principal: Slobodová, Ľubomíra
Formato: Capítulo de libro
Lenguaje:eslovaco
Materias:
Etiquetas: Agregar Etiqueta
Sin Etiquetas, Sea el primero en etiquetar este registro!

MARC

LEADER 00000naa$a2200000$$$4500
001 0055613
005 20231016085344.7
041 0 |a slo 
044 |a SK 
245 1 0 |a Absolventi vysokých škôl v podnikaní  |c Ľubomíra Slobodová 
520 |a Kladné a záporné skúsenosti absolventov vysokých škôl, ktorí pôsobia v podnikateľskom prostredí. Úroveň absolventov stredných a vysokých škôl, ich vzdelanostná štruktúra a profesionálna orientácia. Potreba riešenia súčasných problémov v slovenskom školstve. Absencia etických hodnôt, noriem v spoločnosti. Zaostávanie škôl za praxou. Základná výbava každého manažéra. 
610 2 0 |a školy vysoké 
610 2 0 |a absolventi 
610 2 0 |a podnikanie 
610 2 0 |a vzdelanie 
610 2 0 |a etika 
610 2 0 |a manažéri 
100 1 |a Slobodová, Ľubomíra